A Century of Punch Cartoons /

La revista Punch, de humor y sátira, es un ícono de la historieta moderna y una institución británica con reconocimiento internacional; en su diseño se sentaron las bases de la caricatura como se conoce actualmente; ahí han publicado los más importantes caricaturistas del mundo. Centrada en temas de...

Descripción completa

Guardado en:
Detalles Bibliográficos
Autor principal: Williams, Ron E. (ed.)
Formato: Libro
Idioma:Inglés
Publicado: Nueva York, EUA : Simon and Schuster, 1955, c1955
Temas:
Etiquetas: Agrega una etiqueta
Sin etiquetas, Sé el primero en etiquetar este registro!

MARC

LEADER 00000nam^a2200000^a^4500
001 000185882
005 20250521000000.0
009 20260310102205.765
037 |a Acervo ITESO - Biblioteca 
041 |a ING 
082 |a 741. 57  |b WIL 
100 |a Williams, Ron E.  |e (ed.) 
240 1 1 |a [Punch] 
245 1 2 |a A Century of Punch Cartoons /  |c Ed. y pref. de R.E. Williams ; pról. de Malcolm Muggeridge. 
264 4 |a Nueva York, EUA :  |b Simon and Schuster,  |c 1955, c1955 
300 |a XV, 340 p. 
336 |a texto  |b txt  |2 rdacontenido 
337 |a sin mediación  |b n  |2 rdamedio 
338 |a volumen  |b nc  |2 rdasoporte 
520 |a La revista Punch, de humor y sátira, es un ícono de la historieta moderna y una institución británica con reconocimiento internacional; en su diseño se sentaron las bases de la caricatura como se conoce actualmente; ahí han publicado los más importantes caricaturistas del mundo. Centrada en temas de corte social y político, tuvo un poder social que ninguna otra publicación ha tenido hasta nuestros días, aunque su circulación estuvo, en sus inicios, limitada a unos cuantos cientos de ejemplares; por otro lado, sus cartones son un reflejo de la sociedad de los siglos XIX y XX que los produjo. Se publicó de 1841 hasta 2002, excepto entre 1992 y 1996. A lo largo de su historia publicó diversos libros de compilaciones, entre ellos Pick of the Punch Annuals, Punch and the War y A Big Bowl of Punch. 
520 |a En este volumen se compila cartones aparecidos entre 1841 y 1955. 
649 |a XX 
650 |a Historietas y Caricaturas de Humor 
650 |a Historietas y Caricaturas de Temas Políticos y Sociales 
650 |a Historietas y Caricaturas Inglesas 
650 |a Medios de Comunicación -  |z Inglaterra 
650 |a Comunicación Masiva -  |z Inglaterra 
650 |a Comunicación y Política -  |z Inglaterra 
650 |a Política -  |z Inglaterra -  |x Historia -  |y Victoria I, 1837-1901 
650 |a Política -  |z Inglaterra -  |x Historia -  |y Eduardo VII, 1901-1910 
650 |a Política -  |z Inglaterra -  |x Historia -  |y Jorge V, 1910-1936 
650 |a Política -  |z Inglaterra -  |x Historia -  |y Eduardo VIII, 1936 
650 |a Política -  |z Inglaterra -  |x Historia -  |y Jorge VI, 1936-1952 
650 |a Política -  |z Inglaterra -  |x Historia -  |y Período Victoriano y Casa de Windsor, 1837 en Adelante 
910 |a Fondo General 
920 |a Impresos - Libros 
930 |a Colección General 
905 |a 101 
901 |a 0500127099  |b IT1  |c ACC  |u 20250521 
902 |a https://opac.biblio.iteso.mx/vufind/Record/000185882